Music Quiz

Random Music Quiz

Kesha lyrics Quiz Stats

 Plays Quiz not verified by Sporcle

Support Sporcle.
Go Orange.
Score 0/6 Timer 06:00
0 Plays Today
Can you finish the line? Yes I can % Correct
Tik Tok on the clock d.j. blow my speakers up tonightimma fight till we see the sunlight
92.8%
D-I-N-O-S-A-U-R a dinosaur O-L-D-M-A-N you are an old man
10%
Maybe I need some rehab or maybe just need some sleepI gotta sick obsession
7.8%
There's a place downtownwhere the freaks'll come around
7.2%
Tryin' to get me lovetryin' to get me alone
2.2%
I've got that glitter on my eyes we're lookin' sick and sexified
1.1%

You're not logged in!

Compare scores with friends on all Sporcle quizzes.
OR
Log In

From the Vault

8 Scenes, 1 Movie! XX

by BigAl1994

Most movies normally have a lot more than 8 scenes, but someone's got to make the budget cuts.

You Might Also Like...

Remove Ads.
Support Sporcle.
Get the best of Sporcle when you Go Orange. This ad-free experience offers more features, more stats, and more fun while also helping to support Sporcle. Thank you for becoming a member.

Show Comments

Extras

Created Feb 9, 2011ReportNominate
Tags:Kesha

Top Quizzes Today


Score Distribution

Your Account Isn't Verified!

In order to create a playlist on Sporcle, you need to verify the email address you used during registration. Go to your Sporcle Settings to finish the process.

Report this User

Report this user for behavior that violates our Community Guidelines.

Details: